VCHA - Girls of the Year - Statistics

General Stats
  • This quiz has been taken 15 times
  • The average score is 246 of 337
Answer Stats
Answer % Correct
girl
100%
of
100%
the
100%
me
91%
that
91%
we
91%
who's
91%
yeah
91%
year
91%
a
82%
be
82%
for
82%
get
82%
go
82%
never
82%
to
82%
all
73%
baby
73%
beatin'
73%
been
73%
bet
73%
burnin'
73%
but
73%
closer
73%
confidence
73%
destiny
73%
different
73%
don't
73%
drippin'
73%
energy
73%
enough
73%
feel
73%
feelin'
73%
girls
73%
gone
73%
hard
73%
haven't
73%
heart
73%
i
73%
i'm
73%
is
73%
it
73%
i've
73%
level
73%
lies
73%
like
73%
little
73%
long
73%
met
73%
mirror
73%
my
73%
no
73%
not
73%
now
73%
oh
73%
on
73%
she's
73%
so
73%
taste
73%
tell
73%
that's
73%
too
73%
up
73%
waitin'
73%
way
73%
workin'
73%
you
73%
dream
64%
fence
64%
free
64%
glowing
64%
gonna
64%
live
64%
motor
64%
see
64%
something
64%
thought
64%
tonight
64%
used
64%
can't
55%
dynamite
55%
inhibitions
55%
life
55%
we'd
55%
you'd
55%
down
45%
dressin'
45%
easy
45%
let
45%
myself
45%
revving
45%
thank
45%
tonight's
45%
turned
45%
wanna
45%
got
36%
bright
27%
more
27%
shine
27%
superstar
27%
and
18%
ceilings
18%
doubtin'
18%
glass
18%
hit
18%
notch
18%
peak
18%
right
18%
step
18%
No matching quizzes found
Score Distribution
Percent of People with Each Score
Percentile by Number Answered
Your Score History
You have not taken this quiz